000 00672nas a2200229 454500
001 IICA0600482
003 BR-BrBNA
005 20260323111530.0
007 ta
008 260323b bl.|||p| |||| 00| 00por d
040 _aBR-BrBNA
_bpor
_cBiblioteca Nacional de Agricultura
041 _a(Es)
072 _aL74
100 1 _aAlba, J. de
245 1 _aCarencias minerales en el animal que vive del pastoreo
300 _av. 9 (3) p. 91-97
650 _aDEFICIENCIA MINERAL
650 _aNUTRICAO ANIMAL
773 0 _tTURRIALBA (IICA)
_X0041-4360
_g(Jul-Sept 1959), v. 9 (3) p. 91-97
_wIICA0600482
909 _a202603
_bLúcia
_c55
_dLúcia Elande
942 _2IICA
_n0
_cANA
999 _c340733
_d340733